| 000 | 01098nmm a2200409 a 4500 | ||
|---|---|---|---|
| 003 | AR-BaBNM | ||
| 005 | 20251128203432.0 | ||
| 008 | 227119s1985 ||||||||||||||000 | spa|| | ||
| 020 | _a950-537-077-7 | ||
| 040 | _cAR-BaBNM | ||
| 100 | 1 | _aGarcía, Valeriano | |
| 245 | 1 | 0 | _aDinero, precios y política monetaria |
| 260 |
_aBuenos Aires _bMacchi _c1985 |
||
| 300 | 0 |
_a345 p. _bgráfs., tablas |
|
| 504 | _aBibliografía para consultar p. 335-345 | ||
| 600 | 1 | 4 | _aCagan, Phillip |
| 600 | 1 | 4 | _aChow, Gregory |
| 600 | 1 | 4 | _aKeynes, John Maynard |
| 600 | 1 | 4 | _aNerlove, Marc |
| 600 | 1 | 4 | _aMundell, Robert |
| 650 | 4 | _aINFLACION | |
| 650 | 4 | _aCONDICIONES ECONOMICAS | |
| 650 | 4 | _aCOSTO DE VIDA | |
| 650 | 4 | _aTEORIA ECONOMICA | |
| 650 | 4 | _aSISTEMAS MONETARIOS | |
| 650 | 4 | _aRELACIONES INTERNACIONALES | |
| 650 | 4 | _aPOLITICA ECONOMICA | |
| 650 | 4 | _aDOCTRINAS ECONOMICAS | |
| 650 | 4 | _aECONOMIA INTERNACIONAL | |
| 650 | 4 | _aDINERO | |
| 650 | 4 | _aESPECULACION | |
| 650 | 4 | _aMONETARISMO | |
| 650 | 4 | _aECONOMISTAS | |
| 700 | 1 | _aSaieh, Alvaro | |
| 942 | _cBK | ||
| 998 | _cmariana | ||
| 999 |
_c3381 _d3381 |
||